书目信息 |
| 题名: |
Visual C# 2008程序设计教程
|
|
| 作者: | 布拉德利 , 米尔斯泼 著 ;杨继萍 , 马海军 译 | |
| 分册: | ||
| 出版信息: | 北京 清华大学出版社 2010.06 |
|
| 页数: | 524页 | |
| 开本: | 26cm | |
| 丛书名: | ||
| 单 册: | ||
| 中图分类: | TP312C | |
| 科图分类: | ||
| 主题词: | C语言--程序设计 | |
| 电子资源: | ||
| ISBN: | 978-7-302-22407-5 | |
| 000 | 01050nam0 2200289 450 | |
| 001 | 000000001038 | |
| 005 | 20101120150452.95 | |
| 010 | @a978-7-302-22407-5@dCNY59.00 | |
| 100 | @a20101129d2010 km y0chiy0120 ea | |
| 101 | 1 | @achi@ceng |
| 102 | @aCN@b110000 | |
| 105 | @aa z 000yy | |
| 200 | 1 | @aVisual C# 2008程序设计教程@f(美) Julia Case Bradley, Anita C.Millspaugh著@g杨继萍, 马海军等译 |
| 210 | @a北京@c清华大学出版社@d2010.06 | |
| 215 | @a524页@c图@d26cm | |
| 300 | @a国外经典教材·计算机科学与技术 | |
| 312 | @a英文题名:取自封面 | |
| 330 | @a本书通过丰富的实例,简洁的代码和成熟的体例,深入浅出地介绍了Visual C# 2008面向对象程序设计的概念和方法,全书包括14章。 | |
| 500 | 10 | @aProgramming in Visual C# 2008@mChinese |
| 606 | 0 | @aC语言@x程序设计 |
| 690 | @aTP312C@v4 | |
| 701 | 1 | @a布拉德利@Abu la de li@g(Bradley, Julia Case)@4著 |
| 701 | 1 | @a米尔斯泼@Ami er si po@g(Millspaugh, Anita C.)@4著 |
| 702 | 0 | @a杨继萍@Ayang ji ping@4译 |
| 702 | 0 | @a马海军@Ama hai jun@4译 |
| 801 | 0 | @aCN@c20101129 |
| 905 | @dTP312C@eB9821 | |
| Visual C# 2008程序设计教程/(美) Julia Case Bradley, Anita C.Millspaugh著/杨继萍, 马海军等译.-北京:清华大学出版社,2010.06 |
| 524页:图;26cm |
| 国外经典教材·计算机科学与技术 |
| ISBN 978-7-302-22407-5:CNY59.00 |
| 本书通过丰富的实例,简洁的代码和成熟的体例,深入浅出地介绍了Visual C# 2008面向对象程序设计的概念和方法,全书包括14章。 |
| ● |
| 相关链接 |
|
|
|
正题名:Visual C# 2008程序设计教程
索取号:TP312C/B9821
 
预约/预借
| 序号 | 登录号 | 条形码 | 馆藏地/架位号 | 状态 | 备注 |
| 1 | 1034324 | 210343243 | 自科库301/301自科库 77排2列2层/ [索取号:TP312C/B9821] | 在馆 | |
| 2 | 1034325 | 210343252 | 自科库301/301自科库 84排2列5层/ [索取号:TP312C/B9821] | 在馆 | |
| 3 | 1034326 | 210343261 | 自科库301/301自科库 84排2列5层/ [索取号:TP312C/B9821] | 在馆 |